Torcidas Organizadas #1 - Statistics

Estatísticas Gerais
  • Esse quiz foi jogado 176 vezes
  • A pontuação média é 10 de 14
Estatísticas das Respostas
Hint Resposta % Correto
Palmeiras Mancha Verde
98%
Corinthians Gaviões da Fiel
97%
Santos Jovem
89%
São Paulo Independente
87%
Atlético Mineiro Galoucura
83%
Cruzeiro Máfia Azul
77%
Vasco da Gama Força Jovem
68%
Fluminense Young Flu
67%
Athletico Paranaense Os Fanáticos
56%
Flamengo Raça Rubro Negra
54%
Coritiba Império Alviverde
51%
Botafogo Fúria Jovem
49%
Grêmio Geral do Grêmio
47%
Internacional Guarda Popular
38%
Nenhum quiz correspondente encontrado
Distribuição das Pontuações
Porcentagem de Pessoas com Cada Pontuação
Percentil de Números Respondidos
Sua Pontuação Histórica
Você não jogou esse quiz